000 00286nam a2200109Ia 4500
008 240731s9999 xx 000 0 und d
245 0 _aLibrary Acquisitions: Practice & Theory
260 _bRoutledge
856 _uhttps://www.tandfonline.com/loi/ulca19
942 _2ddc
942 _cTFEJ
999 _c78431
_d78431
945 _a1
_bMadushi Gamage
_c1
_dMadushi Gamage